000
00257nam a22001217a 4500
082
_a
100
_b
GIB/P
100
_a
KHALIL GIBRAN
245
_a
THE PROPHET
260
_a
CALCUTTA
_b
ANKUR PUBLICATIONS
_c
1996
300
_a
113
650
_a
NOVEL
_z
INDIA
942
_c
BK
999
_c
2469
_d
2469